000 01382nam0a22003011 4500
001 v19\rc\1761596
005 20250619120224.0
035 _a(NLR Aleph) 004896462
090 _a5326901
_c5326901
100 _a20061204e19031903|||y0rusy50 ca
101 0 _arus
102 _aRU
105 _aa z |||||
200 1 _aАнатомические и другие основания учения об ассоциационных центрах головного мозга
_e[Сообщ. в Киев. психиатр. о-ве в янв. 1902 г.]
_fВ.Е. Ларионов, прив.-доц. Ун-та св. Владимира
210 _aКиев
_cлито-тип. т-ва И.Н. Кушнерев и К°, Киев. отд-ние
_d1903
215 _a66 с., 1 л. цв. ил.
_d24
311 _aОтт. из журн. "Вопр. нервно-психич. мед." Т. 1-й
320 _aБиблиогр. в примеч.
488 0 _12001#$aВопросы нервно-психической медицины$vТ. 1
_tВопросы нервно-психической медицины
700 1 _aЛарионов
_bВ.Е.
_gВладимир Ефимович
801 0 _aRU
_bNLR
_gpsbo
801 0 _aRU
_bRuMoRGB
_2psbo
801 1 _aRU
_bProSoft-M
_2rusmarc
852 _aNLR
_j34.83.7.44
899 _aRuMoRGB
_jJ 45/170
899 _aБАН
942 _cBOOK
980 _aNB